30 titres de chansons en U - Statistiques

Statistiques générales
  • Ce quiz a été pris 32 fois
  • Le résultat moyen est 8 sur 30
Statistiques - réponses
Hint Réponse % Correct
Rihanna Umbrella
63%
Mecano Une femme avec une femme
60%
Claudio Capéo Un homme debout
60%
Mark Ronson et Bruno Mars Uptown funk
60%
Téléphone Un autre monde
50%
Calogero Un jour au mauvais endroit
47%
William Baldé Un rayon de soleil
43%
Gérard Blanc Une autre histoire
40%
Michel Fugain Une belle histoire
40%
Ilona Mitrecey Un monde parfait
40%
Phil Barney Un enfant de toi
33%
William Sheller Un homme heureux
33%
Sia Unstoppable
27%
Gérald De Palmas Une seule vie
23%
L5 Une étincelle
20%
Elsa et Glenn Medeiros Un roman d'amitié
20%
Joe Cocker Unchain my heart
17%
Blues trottoir Un soir de pluie
17%
Diana Ross Upside down
17%
Billy Joël Uptown girl
17%
Aaron U turn
17%
Zazie Un point c'est toi
13%
Eros Ramazotti Una storia importante
10%
Magic System Un gaou a oran
10%
Les innoncents Un homme extraordinaire
10%
Isabelle Boulay Un jour ou l'autre
10%
PNL Uranus
10%
Michel Sardou Une fille aux yeux clairs
7%
Noir Désir Un jour en France
7%
Nolwenn Leroy Une femme cachée
3%
Aucun quiz correspondant
Distribution des résultats
% des personnes avec chaque résultat
Percentile par nombre de réponses
Votre historique - résultats
Vous n’avez pas pris ce quiz